000 00317nam a22001457a 4500
008 231124b ||||| |||| 00| 0 eng d
020 _a9780451492890
041 _aeng
080 _a159.9
082 _a159.9SAC
100 _a25
101 _aPSI
245 _aEVERYTHING IN ITS PLACE
_cSACKS.O
942 _2udc
_cBK
999 _c60497
_d60497